"Utilization of jand Tools Operated Farm Implemants by the Farm Women of Samastipur District"(Bihar) (Record no. 48642)

MARC details
000 -LEADER
fixed length control field 00415nam a22001457a 4500
003 - CONTROL NUMBER IDENTIFIER
control field OSt
008 - FIXED-LENGTH DATA ELEMENTS--GENERAL INFORMATION
fixed length control field 250731b |||||||| |||| 00| 0 eng d
082 ## - DEWEY DECIMAL CLASSIFICATION NUMBER
Classification number 631.3082
Item number Y12U
100 ## - MAIN ENTRY--PERSONAL NAME
Personal name Sangeeta Yadav
245 ## - TITLE STATEMENT
Title "Utilization of jand Tools Operated Farm Implemants by the Farm Women of Samastipur District"(Bihar)
260 ## - PUBLICATION, DISTRIBUTION, ETC. (IMPRINT)
Place of publication, distribution, etc RPCAU, Pusa
Name of publisher, distributor, etc HSECM
Date of publication, distribution, etc 2024
300 ## - PHYSICAL DESCRIPTION
Extent 88
502 ## - DISSERTATION NOTE
Degree type M.Sc.(HSECM)
942 ## - ADDED ENTRY ELEMENTS (KOHA)
Source of classification or shelving scheme
Koha item type Thesis
Holdings
Withdrawn status Lost status Source of classification or shelving scheme Damaged status Not for loan Home library Current library Date acquired Total Checkouts Full call number Barcode Date last seen Bill Date Koha item type
          Dr. Rajendra Prasad Central Agricultural University Pusa, Dr. Rajendra Prasad Central Agricultural University Pusa, 31/07/2025   631.3082 Y12U 82283 31/07/2025 31/07/2025 Thesis
Hosted, Implemented, Customized & Maintained by: BestBookBuddies

Powered by Koha